logo

Bir Sreshtho Munshi Abdur Rouf Library
Jhenaidah Cadet College

General psychology : (Record no. 8247)

MARC details
000 -LEADER
fixed length control field 00716cam a22002651i 4500
001 - CONTROL NUMBER
JCCL Control Number 8247
003 - CONTROL NUMBER IDENTIFIER
JCCL marc code BD-JhCC
005 - DATE AND TIME OF LATEST TRANSACTION
control field 20190321095843.0
008 - FIXED-LENGTH DATA ELEMENTS--GENERAL INFORMATION
fixed length control field 911120s1952 nyu 00010 eng d
035 ## - SYSTEM CONTROL NUMBER
system control number (BD-JhCC)8247
035 ## - SYSTEM CONTROL NUMBER
system control number 2435404
040 ## - CATALOGING SOURCE
Original cataloging agency ANL
Modifying agency ANL
-- BD-JhCC
041 ## - LANGUAGE CODE
Language code of Book eng
082 ## - DEWEY DECIMAL CLASSIFICATION NUMBER
Author mark and Year BRE 1952
Classification number 150
100 1# - MAIN ENTRY--PERSONAL NAME
Personal name Brennan, Robert Edward.
245 10 - TITLE STATEMENT
Title General psychology :
Remainder of title a study of man based on St. Thomas Aquinas.
250 ## - EDITION STATEMENT
Edition statement [2nd] rev. ed.
260 ## - PUBLICATION, DISTRIBUTION, ETC. (IMPRINT)
Place of publication, distribution, etc New York :
Name of publisher, distributor, etc Macmillan,
Date of publication, distribution, etc [1952].
300 ## - PHYSICAL DESCRIPTION
Other physical details illus.
Pagination 450 p. :
504 ## - BIBLIOGRAPHY, ETC. NOTE
Bibliography, etc Bibliographical notes.
600 00 - SUBJECT ADDED ENTRY--PERSONAL NAME
Personal name Thomas,
Titles and other words associated with a name Aquinas, Saint,
Dates associated with a name 1225?-1274.
650 #0 - SUBJECT ADDED ENTRY--TOPICAL TERM
Topical term or geographic name as entry element Psychology.
942 ## - ADDED ENTRY ELEMENTS (KOHA)
Source of classification or shelving scheme Dewey Decimal Classification
Koha item type Books
Holdings
Source of classification or shelving scheme Damaged status Not for loan Home library Current library Shelving location Total Checkouts Full call number Barcode Date last seen Copy number Koha item type
Dewey Decimal Classification     JCC Rouf Library JCC Rouf Library General Stacks   150 BRE 1952 10828 02/20/2018 C - 1 Books

JCC Library | Contacts | JCC Home

Last Update on 23 September 2017
Copyright @ 2017-2020 JCC Rouf Library
Rouf Library, Jhenidah Cadet College (JCC), Bangladesh